Factory Resets of Governance Rules Democracy for the People (Record no. 46451)
[ view plain ]
| 000 -LEADER | |
|---|---|
| fixed length control field | 00487nam a22001817a 4500 |
| 005 - DATE AND TIME OF LATEST TRANSACTION | |
| control field | 20250611123008.0 |
| 008 - FIXED-LENGTH DATA ELEMENTS--GENERAL INFORMATION | |
| fixed length control field | 250611b |||||||| |||| 00| 0 eng d |
| 020 ## - INTERNATIONAL STANDARD BOOK NUMBER | |
| International Standard Book Number | 9788119445479 |
| 041 ## - LANGUAGE CODE | |
| Language code of text/sound track or separate title | Eng |
| 082 ## - DEWEY DECIMAL CLASSIFICATION NUMBER | |
| Classification number | 321.8 DHA |
| 100 ## - MAIN ENTRY--PERSONAL NAME | |
| Author | Dhall, Vinod Kumar |
| 245 ## - TITLE STATEMENT | |
| Title | Factory Resets of Governance Rules Democracy for the People |
| 250 ## - EDITION STATEMENT | |
| Edition statement | Ist |
| 260 ## - PUBLICATION, DISTRIBUTION, ETC. | |
| Place | Mumbai |
| Publisher | Story Mirror Infotech Pvt. Ltd. |
| Publication Year | 2023 |
| 300 ## - PHYSICAL DESCRIPTION | |
| Extent | 295 pages:23 cm |
| 650 ## - SUBJECT ADDED ENTRY--TOPICAL TERM | |
| Subject | Democracy |
| 942 ## - ADDED ENTRY ELEMENTS (KOHA) | |
| Koha item type | Books |
| Withdrawn status | Lost status | Source of classification or shelving scheme | Damaged status | Not for loan | Home library | Current library | Shelving location | Accession Date | Price | Total Checkouts | Full call number | Barcode No | Date last seen | Date last checked out | Bill Date | Koha item type | Suggested By |
|---|---|---|---|---|---|---|---|---|---|---|---|---|---|---|---|---|---|
| Dewey Decimal Classification | IMTN | IMTN | Rack 5-B | 06/11/2025 | 850.00 | 1 | 321.8 DHA | 33922 | 08/02/2025 | 07/03/2025 | 06/11/2025 | Books | Gifted by Dr. Jitendra Sharma |